[Event "AUTO-OPEN-498"]
[Site "http://www.queenalice.com/game.php?id=147395"]
[Date "2006.12.28"]
[Round "1"]
[White "CampbellMarcel"]
[Black "allexxxanddre1"]
[Result "0-1"]
[WhiteElo "652"]
[BlackElo "1117"]

1. e4 c5 2. Nf3 d6 3. Bc4 Nf6 4. Ng5 e6 5. O-O h6 6. Bb5+ Bd7 7. Qe2 hxg5 8. Nc3
a6 9. Bxd7+ Nbxd7 10. f4 g4 0-1

[Event "AUTO-OPEN-498"]
[Site "http://www.queenalice.com/game.php?id=147396"]
[Date "2006.12.28"]
[Round "1"]
[White "allexxxanddre1"]
[Black "CampbellMarcel"]
[Result "1-0"]
[WhiteElo "1115"]
[BlackElo "562"]

1. e4 d5 2. exd5 Qxd5 3. Nc3 Qd8 4. Nf3 Nf6 5. Bc4 e6 6. d4 Bb4 7. a3 Bxc3+ 8.
bxc3 O-O 9. O-O Ng4 10. h3 h5 11. hxg4 hxg4 12. Ne5 Qh4 13. Qxg4 Qh7 14. Bd3 g6
15. f4 1-0

[Event "AUTO-OPEN-498"]
[Site "http://www.queenalice.com/game.php?id=147417"]
[Date "2006.12.28"]
[Round "1"]
[White "johntelker"]
[Black "allexxxanddre1"]
[Result "1/2-1/2"]
[WhiteElo "1699"]
[BlackElo "1100"]

1. e4 c5 2. f4 d6 3. Nf3 Nf6 4. Bc4 Nc6 5. a3 Nxe4 6. d3 Nf6 7. O-O d5 8. Bb3
Qb6 9. Be3 d4 10. Bf2 e5 11. fxe5 Ng4 12. Re1 Nxf2 13. Kxf2 Be7 14. Kg1 O-O 15.
Qe2 Be6 16. Nbd2 Na5 17. Bxe6 fxe6 18. b3 c4 19. bxc4 Rac8 20. Kh1 Qc5 21. Nb3
Nxb3 22. cxb3 a5 23. Qd2 Qb6 24. h3 Qc6 25. Nxd4 Qb6 26. Qc3 Rf2 27. Nf3 Qc6 28.
b4 Rxf3 29. gxf3 Qxf3+ 30. Kh2 Qf2+ 31. Kh1 Qf3+ 32. Kh2 Qf2+ 33. Kh1 1/2-1/2

[Event "AUTO-OPEN-498"]
[Site "http://www.queenalice.com/game.php?id=147418"]
[Date "2006.12.28"]
[Round "1"]
[White "allexxxanddre1"]
[Black "johntelker"]
[Result "1-0"]
[WhiteElo "1100"]
[BlackElo "1799"]

1. c4 c5 2. Nc3 Nc6 3. d3 g6 4. Nf3 Bg7 5. g3 e6 6. Bg2 Nf6 7. O-O O-O 8. b3 a6
9. Bb2 d6 10. e4 Qc7 11. e5 dxe5 12. Ne4 b6 13. Nxf6+ Bxf6 14. Qe2 Bb7 15. Nd2
Rad8 16. Ne4 Bg7 17. f4 exf4 18. Rxf4 Nd4 19. Qf2 e5 20. Nf6+ Kh8 21. Rh4 Bxg2
22. Rxh7# 1-0

[Event "AUTO-OPEN-498"]
[Site "http://www.queenalice.com/game.php?id=147429"]
[Date "2006.12.28"]
[Round "1"]
[White "csadler"]
[Black "allexxxanddre1"]
[Result "1/2-1/2"]
[WhiteElo "1749"]
[BlackElo "1126"]

1. Nf3 d5 2. d4 Nf6 3. c4 Nc6 4. Nc3 e6 5. Bg5 Be7 6. e3 Ne4 7. Bxe7 Qxe7 8.
cxd5 Nxc3 9. bxc3 exd5 10. Bb5 O-O 11. O-O Bf5 12. Rc1 Na5 13. Bd3 Be4 14. Bxe4
Qxe4 15. Qc2 Qxc2 16. Rxc2 Nc4 17. Rb1 b6 18. Nd2 Nxd2 19. Rxd2 Rab8 20. Rc2 c5
21. Rbc1 c4 22. Re2 f5 23. f3 Rfe8 24. Rce1 Re7 25. e4 Rbe8 26. e5 g5 1/2-1/2

[Event "AUTO-OPEN-498"]
[Site "http://www.queenalice.com/game.php?id=147430"]
[Date "2006.12.28"]
[Round "1"]
[White "allexxxanddre1"]
[Black "csadler"]
[Result "0-1"]
[WhiteElo "1100"]
[BlackElo "1718"]

1. e4 c5 2. Nc3 e6 3. d3 Nc6 4. Nf3 d6 5. g3 Nf6 6. Bg2 Be7 7. O-O O-O 8. Re1 a6
9. d4 cxd4 10. Nxd4 Nxd4 11. e5 dxe5 12. Rxe5 Nc6 13. Be3 Nxe5 14. Qe2 Ng6 0-1

[Event "AUTO-BEG-56"]
[Site "http://www.queenalice.com/game.php?id=149814"]
[Date "2007.1.4"]
[Round "1"]
[White "gianfelippe"]
[Black "allexxxanddre1"]
[Result "1-0"]
[WhiteElo "1405"]
[BlackElo "1120"]

1. e4 c5 2. Nc3 d6 3. Nf3 Nf6 4. Bb5+ Bd7 5. Bxd7+ Nbxd7 6. d4 cxd4 7. Nxd4 a6
8. Nf3 e5 9. O-O Be7 10. Bg5 O-O 11. Bxf6 Nxf6 12. Qd2 Qb6 13. Na4 Qc6 14. Nc3
Nxe4 15. Nxe4 Qxe4 16. Rfe1 Qc6 17. c3 e4 18. Ng5 e3 19. Qxe3 Bxg5 20. Qxg5 Rfe8
21. Rxe8+ Rxe8 22. g3 h6 23. Qd2 d5 24. h4 Qc4 25. b3 Qe4 26. Re1 Qxe1+ 27. Qxe1
Rxe1+ 28. Kg2 Re2 29. c4 d4 30. Kf1 d3 31. a4 Rb2 32. Ke1 Rxb3 33. Kd2 1-0

[Event "AUTO-BEG-56"]
[Site "http://www.queenalice.com/game.php?id=149815"]
[Date "2007.1.4"]
[Round "1"]
[White "allexxxanddre1"]
[Black "gianfelippe"]
[Result "0-1"]
[WhiteElo "1126"]
[BlackElo "1400"]

1. e4 d5 2. exd5 Qxd5 3. Nc3 Qa5 4. d4 e5 5. d5 Nf6 6. Bd2 Nxd5 7. Nb5 Qa4 8. b3
Qe4+ 9. Ne2 Bd7 10. c4 Nf6 11. Nxc7+ Kd8 12. Nxa8 b6 13. f3 Qxa8 14. Ng3 Qc6 15.
Be3 Bb4+ 16. Bd2 Bxd2+ 17. Qxd2 Re8 18. b4 e4 19. O-O-O exf3 20. b5 Qc5 21. gxf3
Kc8 22. Ne4 Nxe4 23. fxe4 Rxe4 24. Qd6 Qxd6 25. Rxd6 f5 26. Kd2 g6 27. Kd3 Be6
28. Kc3 Nd7 29. Rc6+ Kd8 30. Bd3 Re3 31. Rd1 f4 32. Rd6 g5 33. Kb4 h5 0-1

[Event "AUTO-BEG-56"]
[Site "http://www.queenalice.com/game.php?id=149824"]
[Date "2007.1.4"]
[Round "1"]
[White "allexxxanddre1"]
[Black "ricvila"]
[Result "0-1"]
[WhiteElo "1078"]
[BlackElo "1156"]

1. e4 g6 2. d4 Bg7 3. Nf3 e6 4. h4 Ne7 5. Nc3 Nbc6 6. Be3 O-O 7. h5 d5 8. Qd2
Qd6 9. O-O-O dxe4 10. Bf4 Qd7 0-1

[Event "AUTO-BEG-56"]
[Site "http://www.queenalice.com/game.php?id=149825"]
[Date "2007.1.4"]
[Round "1"]
[White "ricvila"]
[Black "allexxxanddre1"]
[Result "1-0"]
[WhiteElo "1142"]
[BlackElo "1092"]

1. c4 Nf6 2. Nc3 e5 3. g3 d5 4. cxd5 Bb4 5. Bg2 O-O 6. e4 c6 7. dxc6 Nxc6 8. a3
Bg4 9. Nge2 Bxc3 10. bxc3 Qd7 11. h3 1-0

[Event "AUTO-OPEN-508"]
[Site "http://www.queenalice.com/game.php?id=150711"]
[Date "2007.1.6"]
[Round "1"]
[White "rxk"]
[Black "allexxxanddre1"]
[Result "0-1"]
[WhiteElo "1671"]
[BlackElo "1126"]

1. d4 d5 2. c4 dxc4 3. Nc3 e6 4. Nf3 c6 5. e4 b5 6. a3 Nf6 7. e5 Nd5 8. Be2 Nxc3
9. bxc3 Nd7 10. O-O Be7 11. Nd2 O-O 12. Ne4 Bb7 13. f4 c5 14. Ng5 a5 15. Qc2
Bxg5 16. fxg5 b4 17. axb4 cxb4 18. Bxc4 Nb6 19. Ba2 bxc3 20. Bb1 g6 21. Qxc3 Qd5
22. Rf2 Rac8 23. Qb2 Nc4 24. Qc3 Nxe5 0-1

[Event "AUTO-OPEN-508"]
[Site "http://www.queenalice.com/game.php?id=150712"]
[Date "2007.1.6"]
[Round "1"]
[White "allexxxanddre1"]
[Black "rxk"]
[Result "1-0"]
[WhiteElo "1126"]
[BlackElo "1639"]

1. e4 c5 2. Nc3 Nc6 3. g3 e6 4. Bg2 d6 5. d3 Nf6 6. Nge2 Be7 7. h3 O-O 8. O-O e5
9. f4 a6 10. f5 h6 11. g4 Nh7 12. Be3 Bh4 13. Bf2 Bxf2+ 14. Rxf2 b5 15. Nd5 Bb7
16. c3 Nf6 17. Nxf6+ Qxf6 18. d4 cxd4 19. Rc1 Rac8 20. a4 b4 21. cxd4 Nxd4 22.
Nxd4 Rxc1 23. Qxc1 Rc8 24. Rc2 1-0

[Event "AUTO-OPEN-508"]
[Site "http://www.queenalice.com/game.php?id=150737"]
[Date "2007.1.6"]
[Round "1"]
[White "Alcar"]
[Black "allexxxanddre1"]
[Result "1-0"]
[WhiteElo "1654"]
[BlackElo "1126"]

1. d4 d5 2. Nc3 Nf6 3. e3 e6 4. Nf3 c5 5. Bd2 Nc6 6. Bb5 Bd7 7. Bxc6 Bxc6 8. Ne5
c4 9. Nxc6 bxc6 10. Na4 Be7 11. a3 O-O 12. Nc5 Bxc5 13. dxc5 a5 14. O-O Qe7 15.
b4 axb4 16. Bxb4 Nd7 17. c3 Nxc5 18. Re1 f5 19. g3 g5 20. Qd4 1-0

[Event "AUTO-OPEN-508"]
[Site "http://www.queenalice.com/game.php?id=150738"]
[Date "2007.1.6"]
[Round "1"]
[White "allexxxanddre1"]
[Black "Alcar"]
[Result "0-1"]
[WhiteElo "1126"]
[BlackElo "1616"]

1. e4 e5 2. Nf3 d6 3. d4 c6 4. Bc4 Nf6 5. O-O Nbd7 6. Nc3 Be7 7. d5 cxd5 8. Bxd5
O-O 9. Ne1 Nb6 10. f4 Nbxd5 11. Nxd5 Nxd5 12. exd5 f6 13. Nd3 b6 14. Be3 Bb7 15.
c4 Ba6 16. b3 Re8 17. fxe5 fxe5 18. Qg4 Bc8 19. Qd1 Bg5 20. Bxg5 Qxg5 21. Rf3
Bg4 22. Rg3 h5 23. Qc2 e4 24. Nf2 e3 25. Nxg4 hxg4 26. Qe2 Re4 27. b4 Rf8 28. h4
Qxh4 29. Rxe3 Rxe3 0-1

[Event "AUTO-OPEN-508"]
[Site "http://www.queenalice.com/game.php?id=150753"]
[Date "2007.1.6"]
[Round "1"]
[White "NooBzIn"]
[Black "allexxxanddre1"]
[Result "1-0"]
[WhiteElo "1811"]
[BlackElo "1100"]

1. e4 c5 2. c3 Nf6 3. d4 cxd4 4. cxd4 Nxe4 5. Nc3 d5 6. Bd3 Nc6 7. Nf3 Qa5 8.
Qc2 Nxc3 9. bxc3 e5 10. dxe5 d4 11. O-O dxc3 12. Re1 Be6 13. Bg5 Bc5 14. Reb1
Nd4 15. Nxd4 Bxd4 16. Rxb7 Bc5 17. Bxh7 Bd5 18. Rbb1 Kd7 19. Bf5+ Ke8 20. e6
fxe6 21. Re1 Kd7 22. Rad1 1-0

[Event "AUTO-OPEN-508"]
[Site "http://www.queenalice.com/game.php?id=150754"]
[Date "2007.1.6"]
[Round "1"]
[White "allexxxanddre1"]
[Black "NooBzIn"]
[Result "1-0"]
[WhiteElo "1126"]
[BlackElo "1751"]

1. e4 c6 2. d4 d5 3. exd5 cxd5 4. c4 Nf6 5. cxd5 Nxd5 6. Bc4 e6 7. Nc3 Bb4 8.
Bxd5 Qxd5 9. Nf3 O-O 10. O-O Bxc3 11. bxc3 Nc6 12. Ba3 Rd8 13. Rc1 e5 14. c4 Qa5
15. Qb3 Nxd4 16. Nxd4 Rxd4 17. Bb4 Qd8 18. Rcd1 Bg4 19. f3 Bf5 20. Bc5 Rxd1 21.
Rxd1 Qc7 22. Bd6 Qa5 23. c5 b6 24. c6 Rc8 25. c7 Be6 26. Bb4 1-0

[Event "AUTO-OPEN-512"]
[Site "http://www.queenalice.com/game.php?id=152272"]
[Date "2007.1.10"]
[Round "1"]
[White "RJGF"]
[Black "allexxxanddre1"]
[Result "1-0"]
[WhiteElo "1685"]
[BlackElo "1115"]

1. d4 Nf6 2. c4 d5 3. e3 e6 4. Nf3 Nc6 5. Nc3 Bb4 6. Bd2 O-O 7. Be2 b6 8. O-O
Bxc3 9. Bxc3 Bb7 10. Qc2 Ne4 11. Bd3 Nxc3 12. bxc3 dxc4 13. Bxc4 Na5 14. Bd3 c5
15. Bxh7+ Kh8 16. Be4 Bxe4 17. Qxe4 Qf6 18. Rad1 Qf5 19. Qxf5 exf5 20. Ne5 cxd4
21. exd4 Rad8 22. d5 1-0

[Event "AUTO-OPEN-512"]
[Site "http://www.queenalice.com/game.php?id=152273"]
[Date "2007.1.10"]
[Round "1"]
[White "allexxxanddre1"]
[Black "RJGF"]
[Result "0-1"]
[WhiteElo "1126"]
[BlackElo "1624"]

1. e4 e6 2. d4 f5 3. Nc3 a6 4. Nf3 c6 5. Bg5 Be7 6. Bxe7 Nxe7 7. Bd3 O-O 8. O-O
d6 9. e5 d5 10. Ne2 Ng6 11. c4 Nd7 12. Rc1 b6 13. cxd5 cxd5 14. Rc6 Nb8 15. Nc3
Nxc6 16. a3 Bb7 17. Bb1 Nh4 18. g3 Nxf3+ 19. Qxf3 Nxd4 0-1

[Event "AUTO-OPEN-512"]
[Site "http://www.queenalice.com/game.php?id=152296"]
[Date "2007.1.10"]
[Round "1"]
[White "TheBooth"]
[Black "allexxxanddre1"]
[Result "1-0"]
[WhiteElo "1739"]
[BlackElo "1115"]

1. e4 e5 2. Nf3 Nc6 3. Nc3 Bc5 4. Bb5 a6 5. Bxc6 dxc6 6. Nxe5 Nf6 7. h3 O-O 8.
O-O Re8 9. Nf3 Nxe4 10. Nxe4 Rxe4 11. d3 Re8 12. b3 Bd4 13. Nxd4 Qxd4 14. Be3
Qd6 15. Re1 Bf5 16. Qf3 Be6 17. Bf4 Qc5 18. c4 Rad8 19. Bxc7 Rd7 20. Qg3 Rc8 21.
Be5 f5 22. d4 Qf8 23. Rad1 Rcd8 24. Qe3 Rf7 25. Bxg7 Kxg7 26. Qxe6 f4 27. Re5
Rf6 28. Qe7+ Kh8 29. Qxb7 1-0

[Event "AUTO-OPEN-512"]
[Site "http://www.queenalice.com/game.php?id=152297"]
[Date "2007.1.10"]
[Round "1"]
[White "allexxxanddre1"]
[Black "TheBooth"]
[Result "0-1"]
[WhiteElo "1115"]
[BlackElo "1737"]

1. e4 d5 2. exd5 Qxd5 3. Nc3 Qe5+ 4. Be2 Nc6 5. Nf3 Qe6 6. d4 Qg6 7. O-O Nb4 8.
Bd3 Nxd3 9. cxd3 Bh3 10. Nh4 Qg4 11. Qxg4 Bxg4 12. Nd5 O-O-O 13. Ne3 Rxd4 14.
Nxg4 Rxg4 15. Nf3 f6 16. d4 h5 17. h3 Re4 18. Be3 b6 19. d5 Nh6 20. a4 Nf5 21.
a5 Nxe3 22. fxe3 Rxe3 23. axb6 axb6 24. Nd4 Rd3 25. Ne6 Kb8 26. Rfc1 Rxd5 27.
Nxc7 Rd7 28. Ra8+ Kb7 0-1

[Event "AUTO-OPEN-512"]
[Site "http://www.queenalice.com/game.php?id=152312"]
[Date "2007.1.10"]
[Round "1"]
[White "allexxxanddre1"]
[Black "schibu"]
[Result "0-1"]
[WhiteElo "1126"]
[BlackElo "1970"]

1. e4 e6 2. d4 d5 3. Nc3 Nf6 4. Bg5 dxe4 5. Nxe4 Be7 6. Bd3 Nxe4 7. Bxe7 Qxe7 8.
Nf3 Nf6 9. O-O O-O 10. c4 Nc6 11. Qc2 Rd8 12. Ng5 Nxd4 13. Qb1 h6 14. Nh7 Ng4
15. Nf6+ Qxf6 16. Bh7+ Kh8 17. h3 Ne2+ 0-1

[Event "AUTO-OPEN-512"]
[Site "http://www.queenalice.com/game.php?id=152313"]
[Date "2007.1.10"]
[Round "1"]
[White "schibu"]
[Black "allexxxanddre1"]
[Result "1-0"]
[WhiteElo "1996"]
[BlackElo "1117"]

1. c4 Nf6 2. g3 d5 3. cxd5 Nxd5 4. Bg2 Nc6 5. Nf3 e5 6. O-O Bd6 7. d4 e4 8. Ng5
Bf5 9. Nxe4 Bxe4 10. Bxe4 Nf6 11. Bxc6+ bxc6 12. Qc2 Qd7 13. Bg5 Be7 14. Bxf6
Bxf6 15. e3 O-O 16. Rc1 Rab8 17. Qxc6 Qxc6 18. Rxc6 Rxb2 19. Rxc7 h6 20. Rxa7
Rfb8 21. Nc3 1-0